Romeo and juliet / (Record no. 3677)
[ view plain ]
| 000 -LEADER | |
|---|---|
| fixed length control field | 01001nam a22002417a 4500 |
| 001 - CONTROL NUMBER | |
| control field | 3677 |
| 003 - CONTROL NUMBER IDENTIFIER | |
| control field | FISKH |
| 005 - DATE AND TIME OF LATEST TRANSACTION | |
| control field | 20240520095420.0 |
| 008 - FIXED-LENGTH DATA ELEMENTS--GENERAL INFORMATION | |
| fixed length control field | 240409b cb ||||| |||| 00| 0 eng d |
| 040 ## - CATALOGING SOURCE | |
| Original cataloging agency | FISK |
| Language of cataloging | eng |
| Transcribing agency | FISK |
| Modifying agency | FISK |
| 050 ## - LIBRARY OF CONGRESS CALL NUMBER | |
| Classification number | PR2831.A2 |
| 082 ## - DEWEY DECIMAL CLASSIFICATION NUMBER | |
| Classification number | 822.33 |
| 100 ## - MAIN ENTRY--PERSONAL NAME | |
| Personal name | Shakespeare William |
| Dates associated with a name | 1564-1616 |
| 245 ## - TITLE STATEMENT | |
| Title | Romeo and juliet / |
| Statement of responsibility, etc. | William Shakespeare |
| 260 ## - PUBLICATION, DISTRIBUTION, ETC. | |
| Place of publication, distribution, etc. | New York : |
| Name of publisher, distributor, etc. | Scholastic, |
| Date of publication, distribution, etc. | 1969 |
| 300 ## - PHYSICAL DESCRIPTION | |
| Extent | 126 pages : |
| Dimensions | 18 cm |
| 505 ## - FORMATTED CONTENTS NOTE | |
| Formatted contents note | NP |
| 520 ## - SUMMARY, ETC. | |
| Summary, etc. | Romeo and Juliet is one of Shakespeare's early tragedies. The two young title characters fall madly in love, but are the children of feuding houses whose hatred for each other works to a devastating end. The play was immensely popular in Shakespeare's lifetime and is the most enduring of his plays along with Hamlet. Romeo and Juliet is considered one of the archetypal love stories. |
| 521 8# - TARGET AUDIENCE NOTE | |
| Target audience note | Estimates, |
| Source | Lexile NP |
| 700 ## - ADDED ENTRY--PERSONAL NAME | |
| Personal name | William Shakespeare |
| 942 ## - ADDED ENTRY ELEMENTS (KOHA) | |
| Source of classification or shelving scheme | Dewey Decimal Classification |
| Koha item type | Books |
| Suppress in OPAC | No |
| Withdrawn status | Lost status | Source of classification or shelving scheme | Damaged status | Not for loan | Collection | Home library | Current library | Shelving location | Date acquired | Total Checkouts | Full call number | Barcode | Date last seen | Date last checked out | Copy number | Price effective from | Koha item type |
|---|---|---|---|---|---|---|---|---|---|---|---|---|---|---|---|---|---|
| Dewey Decimal Classification | Fiction | Footprints International School Library Network Toul Kork Campus | Footprints International School Library Network Toul Kork Campus | TTP Secondary Fiction Bookshelves | 04/09/2024 | 1 | SHA PR2831.A2 822.33 | 2024-0478 | 05/12/2025 | 05/07/2025 | 1 | 04/09/2024 | Books |
